Anuário institucional da Assembleia Legislativa de Mato Grosso : (Record no. 1435)

MARC details
000 -LÍDER
Campo Fixo de Controle 00770nam a2200217 a 4500
001 - NÚMERO DE CONTROLE
Campo de Controle 1435
003 - IDENTIFICAÇÃO DO NÚMERO DE CONTROLE
Campo de Controle BR-CuiBMT
005 - DATA E HORA DA ÚLTIMA ATUALIZAÇÃO
Campo de Controle 20231212233320.0
008 - DADOS FIXOS
Dados Fixos 231209s2017 mtba 000 0 por d
040 ## - AGÊNCIA CATALOGADORA
Código da Agência Catalogadora BR-CuiBMT
Agência que transcreveu o registro BR-CuiBMT
080 ## - Nº DA CLASSIFICAÇÃO DECIMAL UNIVERSAL
Nº edição CDU 2007
Nº Class. CDU 342.53
Subd. Auxiliar Comum (817.2)
090 ## - NÚMERO DE CHAMADA
Nº classificação 342.53(817.2)
Cutter A844a
110 1# - ENTRADA PRINCIPAL -- ENTIDADE
Nome da entidade ou lugar Assembleia Legislativa de Mato Grosso
245 00 - TÍTULO PRINCIPAL
Título principal Anuário institucional da Assembleia Legislativa de Mato Grosso :
Subtítulo 2017 /
Indicação de responsabilidade Assembleia Legislativa de Mato Grosso.
260 ## - PUBLICAÇÃO, DISTRIBUIÇÃO, ETC.
Local de publicação Cuiabá :
Editora Assembleia Legislativa de Mato Grosso,
Data 2018.
300 ## - DESCRIÇÃO FÍSICA
N. páginas ou volumes 182 p.:
Ilustrações il. color. ;
Dimensões 30 cm
650 ## - ASSUNTO TÓPICO
Cabeçalho tópico ou nome geográfico Assembleia Legislativa
Subdivisão geográfica Mato Grosso
650 ## - ASSUNTO TÓPICO
Cabeçalho tópico ou nome geográfico Anuário institucional
Subdivisão geográfica Mato Grosso
650 ## - ASSUNTO TÓPICO
Cabeçalho tópico ou nome geográfico Administração pública
Subdivisão geográfica Mato Grosso
942 ## - ELEMENTOS DE ENTRADA ADICIONAIS (KOHA)
Fonte de classificação ou esquema de arquivamento Classificação Decimal Universal
Tipo de item do Koha Livros
Holdings
Estado: removido Estado: perdido Fonte de classificação ou esquema de arquivamento Estado: danificado Indisponível para empréstimo Localização permanente Localização atual Data de aquisição Total Checkouts Número de Chamada completo Código de barras Date last seen Número do exemplar Preço efetivo a partir de Tipo de item (Koha)
    Classificação Decimal Universal     Biblioteca da Escola Superior de Contas do TCE/MT Biblioteca da Escola Superior de Contas do TCE/MT 12/12/2023   342.53(817.2) A844a BIBTCEMT23120429 12/12/2023 Ex. 1 12/12/2023 Livros

Powered by Koha